000 00943cam a2200289 4500
001 L159931
008 180403n2017 000 0 eng u
020 _a9782884320832
035 _a(Sirsi) u159931
041 0 _aeng
050 _a624.08
_c18
110 _aFederation Internationale des Ingenieurs-Conseils
_9764
245 _aConditions of contract for EPC and Turnkey Projects
250 _a2nd ed
260 _aLausanne
_bFIDIC
_c2017
300 _avi, 123p
_c30cm.
520 _aGuidance for the preparation of particular conditions and annexes: Forms of securities , forms of letter of tender, contract agreement and dispute adjudication avoidance agreement
520 _aSupersedes 1st ed 2884320237
590 _aNTK
650 _aENGINEERING CONTRACTS
650 _aINTERNATIONAL CONTRACTS
650 2 4 _aSILVER BOOK
650 2 4 _aFIDIC
651 4 _aInternational
690 _aContracts
_96232
942 _n0
999 _c116157
_d116157